000 01778nam a2200289Ia 4500
999 _c52971
_d52971
001 20002
003 GE_BSU
005 20250318153759.0
008 181216s2013||||ge |||||||||||||| ||geo||
020 _a9789941219177
040 _cGE_BSU
041 _ageo
080 _a61(031) უ-47
245 _aუნივერსალური სამედიცინო ენციკლოპედია :
_bადამიანის სხეულის ანატომია, ორგანოთა სისტემები, დაავადებების სიმპტომები, მკურნალობა, პრევენცია /
_cმთ. რედ. ნინო დეკანოსიძე ; მთარგმნ. : თამარ ხუჭუა, აკაკი ბარკალაია.
250 _aმე-2 გამოცემა
264 _aთბილისი :
_bპალიტრა L,
_c2015.
300 _a608 გვ. :
_bილ. ;
_c26 სმ.
541 _h55ლ.
653 _aმედიცინა
653 _aუნივერსალური სამედიცინო ენციკლოპედია
653 _a ადამიანის სხეულის ანატომია
653 _a ორგანოთა სისტემები, დაავადებების სიმპტომები, მკურნალობა, პრევენცია
700 _aდეკანოსიძე, ნინო
_e მთ. რედ.
_915790
700 _a ხუჭუა, თამარ
_eმთარგმნ.
_924606
700 _aბარკალაია, აკაკი
_eმთარგმნ.
_924607
942 _cBK
_2udc